<?xml version="1.0" encoding="UTF-8"?><?xml-stylesheet type="text/xsl" href="static/style.xsl"?><OAI-PMH xmlns="http://www.openarchives.org/OAI/2.0/" xmlns:xsi="http://www.w3.org/2001/XMLSchema-instance" xsi:schemaLocation="http://www.openarchives.org/OAI/2.0/ http://www.openarchives.org/OAI/2.0/OAI-PMH.xsd"><responseDate>2026-04-17T07:32:40Z</responseDate><request verb="GetRecord" identifier="oai:www.recercat.cat:2072/420418" metadataPrefix="marc">https://recercat.cat/oai/request</request><GetRecord><record><header><identifier>oai:recercat.cat:2072/420418</identifier><datestamp>2024-10-29T16:33:45Z</datestamp><setSpec>com_2072_98</setSpec><setSpec>col_2072_378196</setSpec></header><metadata><record xmlns="http://www.loc.gov/MARC21/slim" xmlns:dcterms="http://purl.org/dc/terms/" xmlns:xsi="http://www.w3.org/2001/XMLSchema-instance" xmlns:doc="http://www.lyncode.com/xoai" xsi:schemaLocation="http://www.loc.gov/MARC21/slim http://www.loc.gov/standards/marcxml/schema/MARC21slim.xsd">
   <leader>00925njm 22002777a 4500</leader>
   <datafield ind2=" " ind1=" " tag="042">
      <subfield code="a">dc</subfield>
   </datafield>
   <datafield ind2=" " ind1=" " tag="720">
      <subfield code="a">Julián Alagarda, María Teresa</subfield>
      <subfield code="e">author</subfield>
   </datafield>
   <datafield ind2=" " ind1=" " tag="720">
      <subfield code="a">Universitat Autònoma de Barcelona. Departament de Medicina</subfield>
      <subfield code="e">author</subfield>
   </datafield>
   <datafield ind2=" " ind1=" " tag="720">
      <subfield code="a">Universitat Autònoma de Barcelona. Facultat de Medicina</subfield>
      <subfield code="e">author</subfield>
   </datafield>
   <datafield ind2=" " ind1=" " tag="260">
      <subfield code="c">2011</subfield>
   </datafield>
   <datafield ind2=" " ind1=" " tag="520">
      <subfield code="a">Estudio clínico prospectivo de 70 pacientes sometidos a tiroidectomía total (TT) El objetivo del estudio es analizar el valor de la determinación de paratirina (PTHi) a las 24 horas de la TT como indicador de riesgo de hipoparatiroidismo definitivo. Cuarenta y cuatro pacientes (62,9%) presentaron hipocalcemia y 27 (38,6%) una deficiencia de PTHi a las 24 h de la TT. Una concentración de PTHi a las 24 h postTT 5,8 pg/mL predice con una sensibilidad del 100% y una especificidad del 81,5% la evolución a hipoparatiroidismo definitivo, con un valor predictivo negativo del 100%. Estudi clínic prospectiu de 70 pacients sotmesos a tiroïdectomia total (TT). L'objectiu de l'estudi és analitzar el valor de la determinació de paratirina (PTHi) a les 24 hores de la TT com a indicador de risc d'hipoparatiroïdisme definitiu. Quaranta-quatre pacients (62,9%) presentaren hipocalcèmia i 27 (38,6%) una deficiència de PTHi a les 24 hores de la TT. Una concentración de PTHi a les 24 h postTT 5,8 pg/mL prediu amb una sensibilitat del 100% i una especificitat del 81,5% l'evolució a hipoparatiroïdisme definitiu, amb un valor predictiu negatiu del 100%.</subfield>
   </datafield>
   <datafield tag="653" ind2=" " ind1=" ">
      <subfield code="a">Tiroide</subfield>
   </datafield>
   <datafield ind2="0" ind1="0" tag="245">
      <subfield code="a">Paratirina intacta a las 24 horas de la tiroidectomía total.Valor predictivo de hipoparatiroidismo definitivo</subfield>
   </datafield>
</record></metadata></record></GetRecord></OAI-PMH>